Cryptic Clues: Countries Quiz Stats

Quiz not verified by Sporcle

Challenge
Share
Tweet
Embed
Score 0/20 Timer 10:00
0 Plays Today
Clue Country % Correct
With an empty stomach???
55%
Where the nuts come from???
50.9%
Bacteria everywhere! ???
48.5%
The place to buy neckwear???
43.2%
Silver girl????
39.6%
A hat for the sun???
38.5%
The Karaoke performer is really bad! ???
37.3%
You guys ???
29.6%
Preserve in a plot of land? ???
26%
Oaring gets everyone overly excited! ???
26%
Clue Country % Correct
Humbug annoyed at being caught in the shower ???
26%
You often have to do both at the bus stop!???
24.9%
My marathon performance was in the past.???
23.1%
Ladies your support is sickening???
21.9%
It always rains in England, Scotland, Northern Ireland, and Wales???
18.9%
The little menace gets the point???
17.2%
In at the start of something very precious???
16%
Place a small seal on the letter???
8.9%
Free on arrival at the Airport???
5.9%
You could lose everything, especially your bow if you do it ???
1.2%

You're not logged in!

Compare scores with friends on all Sporcle quizzes.
Sign Up with Email
OR
Log In

You Might Also Like...

Show Comments

Extras

Top Quizzes Today


Score Distribution

Your Account Isn't Verified!

In order to create a playlist on Sporcle, you need to verify the email address you used during registration. Go to your Sporcle Settings to finish the process.

Report this User

Report this user for behavior that violates our Community Guidelines.

Details: